000 00574nam a2200193Ia 4500
003 GCL
008 140319s9999 xx 000 0 ara d
040 _aGCL /
_cGCL
082 0 4 _a232
_bش د
100 1 _aشعبان محمد اسماعيل
245 1 0 _aدراسات حول الاجماع والقياس /
_cشعبان محمد اسماعيل
260 _a[S.N] :
_bمكتبة النهضة المصرية ،
_c1988
300 _a310 ص
490 _a
650 0 4 _aالقياس
650 0 4 _aالحديث - مسند
650 0 4 _aالاجماع
942 _2ddc
_cBK
999 _c53288
_d53288